00985cpcaa2200289 a 4500001001300000003000400013005001700017008004100034010001700075040002400092072001200116100002100128245003700149300001300186506002200199520010000221545001600321546003600337580006900373580005700442600001900499650003000518651003000548656002500578710007500603999001700678mm2011085612DLC20260227111732.0111228|||||||||||| eng  amm2011085612 aDLCcDLCedacsdDLC 7aC2lcmd1 aLarabee, Esther.00aEsther Larabee indenture,f1765. a1fitem.0 aOpen to research.8 aApprenticeship indenture (1765 September 13) of Larabee, age 9, to Ruth Rannale, Preston, Conn.0 aApprentice. aCollection material in English. aForms part of: Ben and Beatrice Goldstein Foundation collection. aForms part of: Miscellaneous Manuscripts collection.10aRannale, Ruth. 0aApprenticeszConnecticut. 0aPreston (Conn.)xHistory. 7aApprentices.2itoamc2 aBen and Beatrice Goldstein Foundation Collection (Library of Congress) c44872d44872